000 00604nam a22001937a 4500
005 20230814144830.0
008 230814b sa ||||| |||| 00| f ZUL d
020 _a9780796010209
_qpbk
040 _aRDA
_c3228
082 _223
_aZUL F MNGA
100 _aMngadi, M.J
_92577
245 _aAsikho ndawo bakithi; isiZulu novel /
250 _aFirst edition
260 _aPietermaritzburg;
_bShuter & Shooter Publishers (Pty) Ltd;
_c1996.
300 _a295 pages;
_c17 cm.
521 _aAdult
_btitle of the book
650 _aZulu Fiction; Zulu Language Texts
_zSouth Africa
_9180963
942 _2ddc
_cBOOK
_w378
_xPatrick Mahlalela
_y378
_zPatrick Mahlalela
999 _c756223
_d756222